Saez - Statistiques

Statistiques générales
  • Ce quiz a été pris 101 fois
  • Le résultat moyen est 6 sur 15
Statistiques - réponses
Indice Réponse % Correct
Chanson qui le fait connaître et plus grand succès Jeune et con
97%
Second plus grand succès, éponyme à un article d’Émile Zola J'accuse
94%
Chanson au nom d'une fleur, allégorie d'une femme de sa vie Marguerite
62%
Chanson en hommage aux victimes du 13 novembre Les Enfants Paradis
53%
Ville américaine, titre d'un album de 2012 Miami
52%
Album à paraître en 2024, et nom de la tournée qui va suivre Apocalypse
48%
Émission et récompenses musicales françaises où il se fait remarquer en 2001 et 2009 Victoires de la Musique
43%
Chanson souvent jouée en live, qui débute par les mots : "A la lumière, obscure..." J'veux qu'on baise sur ma tombe
39%
Chanteuse qu'il a pris sous son aile, qui l'accompagne dans ses tournées Ana Moreau
37%
Projet paru en 2021, comprenant 4 albums Le Manifeste
29%
Double album paru en 2002, aux chansons comme "J'veux du nucléaire" ou "Solution" God blesse
27%
Album entièrement écrit en anglais Yellow Tricycle
18%
Président français à qui il dédie une chanson contestataire au titre équivoque Emmanuel Macron (Manu dans l'cul)
0%
Guitariste de toujours Franck Phan (Francky)
0%
Muse de début de carrière et ex-compagne Kasia Krynska (Katagena)
0%
Aucun quiz correspondant
Distribution des résultats
% des personnes avec chaque résultat
Percentile par nombre de réponses
Votre historique - résultats
Vous n’avez pas pris ce quiz